Sports Quiz

Random Sports or Football Quiz
Score 0/16 Timer 03:00
0 Plays Today
Question Answer Wrong Answers
Andy Reid
66%
Lawrence Taylor
34%
Teddy Bridgewater
66%
Carson Wentz
32.1%
Frank Gore
66%
Aaron Rodgers
32.1%
Dan Marino
64.2%
Jerry Rice
32.1%
John Harbaugh
62.3%
Jim Harbaugh
34%
Joe Flacco
62.3%
Sean McVay
35.8%
Joe Burrow
54.7%
Lamar Jackson
39.6%
Adrian Peterson
54.7%
Matt Ryan
37.7%
Eli Manning
50.9%
Philip Rivers
45.3%
Tim Tebow
49.1%
LeSean McCoy
50.9%
Dak Prescott
45.3%
Jameis Winston
52.8%
Ryan Fitzpatrick
45.3%
Larry Fitzgerald
49.1%
Carson Palmer
41.5%
Michael Vick
54.7%
Cam Newton
39.6%
Rob Gronkowski
58.5%
Andy Dalton
37.7%
Matthew Stafford
56.6%
Doug Pederson
35.8%
Barry Sanders
60.4%
Remove Ads.
Support Sporcle.
Get the best of Sporcle when you Go Orange. This ad-free experience offers more features, more stats, and more fun while also helping to support Sporcle. Thank you for becoming a member.

You're not logged in!

Compare scores with friends on all Sporcle quizzes.
OR
Log In

Sporcle TV

Today on Sporcle TV


Watch our educational content, quiz creation guides, and fun videos on Sporcle TV.

Show Comments

Extras

Created May 17, 2020ReportNominate
Tags:Football Quiz, NFL Quiz, Age, old

Top Quizzes Today


Score Distribution

Paid Content

Your Account Isn't Verified!

In order to create a playlist on Sporcle, you need to verify the email address you used during registration. Go to your Sporcle Settings to finish the process.

Report this User

Report this user for behavior that violates our Community Guidelines.

Details: